A la conquete du monde 1848-1890
Saved in:
| Main Author: | |
|---|---|
| Format: | Book |
| Language: | French |
| Published: |
Bruxelles :
Complexe,
1985
|
| Series: | Historiques
|
| Subjects: | |
| Tags: |
Add Tag
No Tags, Be the first to tag this record!
|
MARC
| LEADER | 00000nam a2200000 i 4500 | ||
|---|---|---|---|
| 001 | 1/3459 | ||
| 008 | 960322s1985 fre d | ||
| 020 | |a 2-87027-151-4 | ||
| 035 | |l 10015226 | ||
| 040 | |a GR-MY-UA |b gre |e aacr | ||
| 041 | 0 | |a fre | |
| 082 | 0 | |a 305.55 | |
| 100 | 1 | |a Moraze, Charles |d 1913- | |
| 245 | 1 | 2 | |a A la conquete du monde 1848-1890 / |c Charles Moraze |
| 260 | |a Bruxelles : |b Complexe, |c 1985 | ||
| 300 | |a 487 p. | ||
| 490 | 1 | |a Historiques | |
| 650 | 0 | 0 | |a Middle class |x History |y 19th century. |
| 774 | 1 | |t Les Bourgeois conquerants | |
| 830 | 0 | |a Historiques | |
| 852 | |a INST |b LESVOS |e 19960322 |h 305.55 MOR |p 005100006448 |q 005100006448 |t BK |y 0 |z v.2 | ||
| 852 | |a INST |b LESVOS |e 19960322 |h 305.55 MOR |p 005100006448 |q 005100006448 |t BK |v v.2: |y 0 |z v.2 | ||
| 853 | |a INST |b LESVOS |h 305.55 MOR | ||
| 909 | |a Λ |b 023143 | ||
| 922 | |a 1ΕΛΗ |b 199109 |c ΠΠ/1110 | ||